Statistics for High Mountains Quiz

Click here to take the quiz!

General Stats

  • This quiz has been taken 16,375 times
  • The average score is 8 of 22

Answer Stats

Height Location Highest Mountain % Correct
29,029EarthMount Everest
99%
19,330AfricaMount Kilimanjaro
83%
28,251Earth
(Second Highest)
K2
81%
12,388JapanMount Fuji
75%
20,320North AmericaDenali
67%
15,781The AlpsMont Blanc
58%
4,409BritainBen Nevis
35%
?MordorMount Doom
35%
88,600MarsOlympus Mons
34%
18,510The CaucasusMount Elbrus
30%
16,854TurkeyMount Ararat
30%
13,796HawaiiMauna Kea
28%
22,841The AmericasAconcagua
27%
12,316New ZealandMount Cook / Aoraki
26%
14,410The CascadesMount Rainier
24%
11,429OregonMount Hood
19%
14,505Lower 48 StatesMount Whitney
19%
19,541CanadaMount Logan
15%
7,310AustraliaMount Kosciuszko
14%
14,440ColoradoMount Elbert
8%
6,684The United States
(East of the Mississippi)
Mount Mitchell
7%
18,490MexicoPico de Orizaba
5%

Score Distribution

Percentile by Number Answered

Percent of People with Each Score

Your Score History

You have not taken this quiz